000 00529nam a22001937a 4500
999 _c8883
_d8883
003 OSt
005 20210812094247.0
008 180212b ||||| |||| 00| 0 eng d
020 _a9085730430
040 _aMMU
_beng
_cMMU
_dMMU
050 _aSF 531 .L752 2005
100 _a Leven Leen Van `t
245 _aBeekeeping in the tropics/
_cLeen vant leven...(et al.).
260 _aNetherlands:
_b Agromisa,
_c 2005.
300 _a85 p. ;
_bill. ;
650 _aBeekeeping
700 _aWillem-Jan Boot
942 _2lcc
_cLOAN LOAN